effect of organic mulch on yield of lectuce ( Lactuca Sativa L.)ឥទ្ធពលគម្របសរីរាង្គទៅលើការលូតលាស់និងទិន្នផលដំណាំសាលាដ (Record no. 18236)
[ view plain ]
| 000 -LEADER | |
|---|---|
| fixed length control field | 00609nam a22001577a 4500 |
| 003 - CONTROL NUMBER IDENTIFIER | |
| control field | OSt |
| 005 - DATE AND TIME OF LATEST TRANSACTION | |
| control field | 20190904153946.0 |
| 008 - FIXED-LENGTH DATA ELEMENTS--GENERAL INFORMATION | |
| fixed length control field | 190904b xxu||||| |||| 00| 0 eng d |
| 040 ## - CATALOGING SOURCE | |
| Transcribing agency | RUA |
| 082 ## - DEWEY DECIMAL CLASSIFICATION NUMBER | |
| Classification number | AGR YO 2017 B646 Or.1 |
| 100 ## - MAIN ENTRY--PERSONAL NAME | |
| 9 (RLIN) | 13910 |
| Personal name | YO CHANTHA យូ ចាន្ថា |
| 245 ## - TITLE STATEMENT | |
| Title | effect of organic mulch on yield of lectuce ( Lactuca Sativa L.)ឥទ្ធពលគម្របសរីរាង្គទៅលើការលូតលាស់និងទិន្នផលដំណាំសាលាដ |
| 260 ## - PUBLICATION, DISTRIBUTION, ETC. (IMPRINT) | |
| Place of publication, distribution, etc. | RUA |
| Name of publisher, distributor, etc. | phnom penh |
| Date of publication, distribution, etc. | 2017 |
| 300 ## - PHYSICAL DESCRIPTION | |
| Extent | x;34p |
| Other physical details | ill; |
| Dimensions | 29cm |
| 942 ## - ADDED ENTRY ELEMENTS (KOHA) | |
| Source of classification or shelving scheme | |
| Koha item type | AGR |
| Price effective from | Date last seen | Permanent Location | Not for loan | Date acquired | Source of classification or shelving scheme | Koha item type | Lost status | Withdrawn status | Total Renewals | Date last checked out | Total Checkouts | Shelving location | Damaged status | Barcode | Current Location | Full call number |
|---|---|---|---|---|---|---|---|---|---|---|---|---|---|---|---|---|
| 2019-09-04 | 2020-11-10 | Library Block B | 2019-09-04 | AGR | 2020-10-26 | 1 | B646 | A43885 | Library Block B | AGR YO 2017 B646 Or.1 | ||||||
| 2019-09-04 | 2022-07-19 | Library Block B | 2019-09-04 | AGR | 2022-07-16 | 2 | B646 | A43522 | Library Block B | AGR YO 2017 B646 Or.2 | ||||||
| 2019-09-04 | 2019-09-04 | Library Block B | 2019-09-04 | AGR | B646 | A43447 | Library Block B | AGR YO 2017 B646 Or.3 | ||||||||
| 2019-09-04 | 2022-03-11 | Library Block B | 2019-09-04 | AGR | 2022-02-15 | 1 | B646 | A43072 | Library Block B | AGR YO 2017 B646 Or.4 | ||||||
| 2019-09-04 | 2024-07-08 | Library Block B | 2019-09-04 | AGR | 2024-06-17 | 2 | B646 | A43890 | Library Block B | AGR YO 2017 B646 Or.5 | ||||||
| 2019-09-04 | 2020-08-24 | Library Block B | 2019-09-04 | AGR | 1 | 2020-08-10 | 4 | B646 | A43222 | Library Block B | AGR YO 2017 B646 Or.6 |